Flagi państw na literę T - Statystyki

Ogólne statystyki
  • Ten quiz został rozwiązany 8 848 razy
  • Średni wynik to 10 z 12
Statystyki odpowiedzi
Obrazkowy Odpowiedź % Poprawnych
Tajlandia
96%
Turcja
96%
Tunezja
91%
Tajwan
88%
Turkmenistan
85%
Tanzania
81%
Tadżykistan
78%
Togo
76%
Tuvalu
73%
Trynidad i Tobago
72%
Tonga
67%
Timor Wschodni
66%
Nie znaleziono quizów pasujących do podanych kryteriów
Rozkład punktacji
Procent ludzi z każdym wynikiem
Percentyl według liczby udzielonych odpowiedzi
Twoja historia wyników
Nie rozwiązałeś tego quizu